000 00732cam a2200241 a 4500
001 000004730
005 20200929151507.0
008 780330s1955 sp 000 1 spa
040 _aDO-SdBNP
_bspa
_cBNPHU
041 1 7 _aspa
_hfre
082 _a843.912
_bC421s
100 1 _aCesbron, Gilbert,
_d1913-
_913761
240 1 0 _aSouveraine.
_lEspañol
245 1 3 _aLa soberana :
_bnovela /
_cGilbert Cesbron ; Traductora, Gloria Martinengo.
260 _aBarcelona :
_bPlaneta,
_c1955.
300 _a397 p. ;
_c19 cm.
490 1 _aLuyve
534 _pTítulo original:
_tLa Souveraine
650 4 _aNovela francesa
_91075
650 4 _aLiteratura francesa
_91074
700 1 _aMartinengo, Gloria,
_etr.
_913762
830 0 _aLuyve
_910547
999 _c4536
_d4536